| 000 | 01078cam a2200325 i 4500 | ||
|---|---|---|---|
| 001 | 3413589 | ||
| 003 | EG-ScBUE | ||
| 005 | 20240822124738.0 | ||
| 008 | 900131t1987 enka f 001 0 eng d | ||
| 020 | _a0521399408 | ||
| 020 | _a9780521399401 | ||
| 035 | _a(OCoLC)ocm21077642 | ||
| 040 |
_aDLC _beng _erda _cDLC _dDLC _dEG-ScBUE |
||
| 082 | 0 | 4 |
_a502.82 _222 _bBUR |
| 100 | 1 |
_aBurgess, Jeremy, _d1944- _eauthor. _97469 |
|
| 245 | 1 | 0 |
_aUnder the microscope : _ba hidden world revealed / _cJeremy Burgess, Michael Marten, Rosemary Taylor. |
| 264 | 1 |
_aCambridge : _bCambridge University Press, _c[1987] |
|
| 264 | 4 | _cc1987 | |
| 300 |
_a208 pages : _billustrations (some color) ; _c27 cm |
||
| 336 |
_2rdacontent _atext _btxt |
||
| 337 |
_aunmediated _2rdamedia _bn |
||
| 338 |
_avolume _bnc _2rdacarrier |
||
| 500 | _aIncludes index. | ||
| 650 | 7 |
_aMicroscopy. _2BUEsh _97470 |
|
| 650 | 7 |
_aUltrastructure (Biology) _2BUEsh _97471 |
|
| 655 | _vReading book | ||
| 700 | 1 |
_aMarten, Michael, _d1947- _eauthor. _97472 |
|
| 700 | 1 |
_aTaylor, Rosemary, _eauthor. _97473 |
|
| 942 |
_2ddc _cBB |
||
| 999 |
_c12175 _d12175 |
||